[Event "Capablanca Memorial U15 2nd"]
[Site "Havana"]
[Date "2018.05.18"]
[Round "6"]
[White "Cepero Lopez, Amy Ashley"]
[Black "Almaguer Merino, Yamisleydis"]
[Result "0-1"]
[WhiteElo "1947"]
[BlackElo "1797"]
[PlyCount "66"]
[EventDate "2018.05.14"]
[EventType "swiss"]
[EventRounds "7"]
[EventCountry "CUB"]
[SourceTitle "EXT 2021"]
[Source "ChessBase"]
[SourceDate "2020.10.23"]
[SourceVersion "1"]
[SourceVersionDate "2020.10.23"]
[SourceQuality "1"]

1. e4 c5 2. Nf3 e6 3. d4 cxd4 4. Nxd4 Nc6 5. Be3 Qc7 6. Nc3 a6 7. Qd2 Nf6 8. f3 Bb4 9. Be2 d5 10. Nxc6 bxc6 11. exd5 cxd5 12. a3 Ba5 13. b4 Bb6 14. Bxb6 Qxb6 15. Na4 Qc6 16. Nc5 0-0 17. 0-0 Nd7 18. Nxd7 Bxd7 19. Bd3 Qb6+ 20. Kh1 Bb5 21. Bxb5 axb5 22. Rfe1 Rfc8 23. Re2 Rc4 24. Qd1 Rc3 25. Qe1 Rac8 26. Ra2 Qc6 27. Qb1 Qc4 28. Rd2 Ra8 29. Qa1 Rcxa3 30. Rxa3 Rxa3 31. Qb1 Qxb4 32. Qd1 Qxd2 33. Qf1 Qc3 0-1

[Event "CUB School-chT"]
[Site "Santa Clara"]
[Date "2017.07.15"]
[Round "6.5"]
[White "Almaguer Merino, Yamisleydis"]
[Black "Reytor Lopez, Daniela Maria"]
[Result "1-0"]
[WhiteElo "1811"]
[BlackElo "1676"]
[PlyCount "57"]
[EventDate "2017.07.13"]
[EventType "team-swiss"]
[EventRounds "9"]
[EventCountry "CUB"]
[SourceTitle "EXT 2023"]
[Source "ChessBase"]
[SourceDate "2022.10.05"]
[SourceVersion "1"]
[SourceVersionDate "2022.10.05"]
[SourceQuality "1"]

1. d4 Nf6 2. c4 e6 3. Nf3 b6 4. Nc3 Bb4 5. Bd2 Bb7 6. e3 0-0 7. Bd3 c5 8. 0-0 d6 9. Qe2 Nbd7 10. Rac1 Qe7 11. a3 Bxc3 12. Bxc3 Rfe8 13. e4 cxd4 14. Nxd4 Nc5 15. f3 Nxd3 16. Qxd3 d5 17. cxd5 exd5 18. Nf5 Qe6 19. e5 Nd7 20. Nd6 Nc5 21. Qc2 Re7 22. b4 Ba6 23. Rfd1 Bd3 24. Rxd3 Nxd3 25. Qxd3 Rc7 26. Rd1 f6 27. f4 Qg4 28. Qxd5+ Kh8 29. Qxa8+ 1-0

[Event "CUB School-chT"]
[Site "Santa Clara"]
[Date "2017.07.14"]
[Round "4.4"]
[White "Almaguer Merino, Yamisleydis"]
[Black "Reyes Fonseca, Ammi Sarai"]
[Result "1-0"]
[WhiteElo "1811"]
[BlackElo "1692"]
[PlyCount "109"]
[EventDate "2017.07.13"]
[EventType "team-swiss"]
[EventRounds "9"]
[EventCountry "CUB"]
[SourceTitle "EXT 2023"]
[Source "ChessBase"]
[SourceDate "2022.10.05"]
[SourceVersion "1"]
[SourceVersionDate "2022.10.05"]
[SourceQuality "1"]

1. d4 Nf6 2. c4 e5 3. dxe5 Ng4 4. Bf4 Nc6 5. Nf3 Bc5 6. e3 Bb4+ 7. Nbd2 Qe7 8. a3 Bxd2+ 9. Qxd2 0-0 10. Be2 Ngxe5 11. Nxe5 Nxe5 12. 0-0 d6 13. b4 Bf5 14. Rac1 Rfd8 15. Qc3 Rac8 16. c5 Re8 17. cxd6 Qxd6 18. Rfd1 Qe6 19. Bxe5 Qxe5 20. Qxe5 Rxe5 21. Rxc7 Kf8 22. Rxb7 Re7 23. Bf3 Rxb7 24. Bxb7 Rc7 25. Bf3 Ke7 26. g4 Bd7 27. Kg2 Rc3 28. Ra1 Rb3 29. h3 Rb2 30. Bd5 Be6 31. Bxe6 Kxe6 32. Rc1 Kd7 33. Rc5 Rb3 34. Ra5 h6 35. Rxa7+ Ke6 36. Kg3 g5 37. Ra5 Kd6 38. b5 Kc5 39. a4 Rb4 40. Ra6 Kd5 41. b6 Kc6 42. a5 Kd6 43. b7+ Kc7 44. Rb6 Rxb6 45. axb6+ Kxb7 46. Kf3 Kxb6 47. Ke4 Kc7 48. Kf5 Kd8 49. Kf6 Ke8 50. f4 gxf4 51. exf4 Kf8 52. h4 Kg8 53. h5 Kf8 54. g5 Kg8 55. gxh6 1-0

[Event "CUB School-chT"]
[Site "Santa Clara"]
[Date "2017.07.13"]
[Round "2.5"]
[White "Cabrera Ramos, Brenda Milagros"]
[Black "Almaguer Merino, Yamisleydis"]
[Result "1/2-1/2"]
[WhiteElo "1612"]
[BlackElo "1811"]
[PlyCount "114"]
[EventDate "2017.07.13"]
[EventType "team-swiss"]
[EventRounds "9"]
[EventCountry "CUB"]
[SourceTitle "EXT 2023"]
[Source "ChessBase"]
[SourceDate "2022.10.05"]
[SourceVersion "1"]
[SourceVersionDate "2022.10.05"]
[SourceQuality "1"]

1. d4 f5 2. e3 g6 3. Bd3 Nf6 4. Nc3 Bg7 5. b3 0-0 6. Bb2 d6 7. Nf3 Qe8 8. Nb5 Na6 9. 0-0 c6 10. Nc3 Nc7 11. Ne2 e5 12. dxe5 Ng4 13. h3 Nxe5 14. Nxe5 dxe5 15. c4 Be6 16. Qe1 Rf7 17. Bc2 Rd8 18. Rd1 Rxd1 19. Qxd1 Rd7 20. Qc1 Qd8 21. Rd1 Rxd1+ 22. Qxd1 Qxd1+ 23. Bxd1 b5 24. cxb5 cxb5 25. Kf1 Nd5 26. Nc3 e4 27. Nxd5 Bxb2 28. Nc7 Bd7 29. Be2 b4 30. Ke1 Kf7 31. Nd5 Ke6 32. Bc4 Ke5 33. Kd1 Ba3 34. Nc7 Kd6 35. Nb5+ Bxb5 36. Bxb5 Bb2 37. Ke2 h6 38. Be8 g5 39. Bg6 Ke5 40. f3 exf3+ 41. gxf3 a5 42. Kd3 Kf6 43. Bh7 Be5 44. Kc4 h5 45. Kd3 h4 46. e4 g4 47. Bxf5 gxf3 48. Ke3 f2 49. Kxf2 Bg3+ 50. Ke3 Ke5 51. Kd3 Bf4 52. Kc4 Bg5 53. Kb5 Bd8 54. Ka4 Bc7 55. Kb5 Bd8 56. Kc6 Bg5 57. Kb7 Bd8 1/2-1/2

[Event "CUB-ch U18 Girls"]
[Site "Camaguey"]
[Date "2017.06.23"]
[Round "4.9"]
[White "Bosch Valls, Leannet Mariah"]
[Black "Almaguer Merino, Yamisleydis"]
[Result "0-1"]
[WhiteElo "1870"]
[BlackElo "1789"]
[PlyCount "46"]
[EventDate "2017.06.21"]
[EventType "swiss"]
[EventRounds "9"]
[EventCountry "CUB"]
[SourceTitle "EXT 2023"]
[Source "ChessBase"]
[SourceDate "2022.10.05"]
[SourceVersion "1"]
[SourceVersionDate "2022.10.05"]
[SourceQuality "1"]

1. e4 c5 2. d3 g6 3. Nf3 Bg7 4. g3 e6 5. Bg2 Ne7 6. 0-0 0-0 7. Nbd2 Nbc6 8. Re1 d5 9. a3 d4 10. e5 Nd5 11. Nb3 b6 12. a4 Rb8 13. h4 Qc7 14. Qe2 Rd8 15. Bf4 Nxf4 16. gxf4 Nb4 17. Ng5 Ba6 18. Be4 Bf8 19. h5 Be7 20. Nxh7 Kxh7 21. hxg6+ Kg7 22. gxf7 Rh8 23. Qg4+ Kf8 0-1

[Event "CUB-ch U18 Girls"]
[Site "Camaguey"]
[Date "2017.06.21"]
[Round "2.6"]
[White "Alfonso Ruisanchez, Laritza"]
[Black "Almaguer Merino, Yamisleydis"]
[Result "1-0"]
[WhiteElo "1974"]
[BlackElo "1789"]
[PlyCount "95"]
[EventDate "2017.06.21"]
[EventType "swiss"]
[EventRounds "9"]
[EventCountry "CUB"]
[SourceTitle "EXT 2023"]
[Source "ChessBase"]
[SourceDate "2022.10.05"]
[SourceVersion "1"]
[SourceVersionDate "2022.10.05"]
[SourceQuality "1"]

1. e4 c5 2. Nf3 Nc6 3. d4 cxd4 4. Nxd4 Nf6 5. Nc3 e5 6. Ndb5 d6 7. Bg5 a6 8. Na3 b5 9. Nd5 Be7 10. Bxf6 Bxf6 11. c4 b4 12. Nc2 a5 13. Be2 0-0 14. 0-0 Bg5 15. Qd3 Be6 16. b3 Bxd5 17. cxd5 Nb8 18. g3 g6 19. f4 exf4 20. gxf4 Bf6 21. Rad1 Nd7 22. Nd4 Nc5 23. Qe3 a4 24. e5 dxe5 25. fxe5 Bg5 26. Qf3 Qb6 27. Kh1 axb3 28. axb3 Rae8 29. Nc6 Nd7 30. Qg3 Bh6 31. Bc4 Bg7 32. Rfe1 Kh8 33. Re4 Nf6 34. Re2 Ng8 35. Qe1 Qc7 36. Bb5 Nh6 37. d6 Qb7 38. Qxb4 Rb8 39. d7 Rfd8 40. Qe4 Qxb5 41. Nxb8 Qxb8 42. e6 fxe6 43. Qxe6 Qb7+ 44. Qd5 Qc7 45. Re8+ Bf8 46. Rf1 Kg7 47. Qd4+ Kg8 48. Rfxf8# 1-0

[Event "Chessung Gp5 (Women)"]
[Site "Guantanamo"]
[Date "2017.02.19"]
[Round "6.1"]
[White "Del Rosario Silva, Dexnisi"]
[Black "Almaguer Merino, Yamisleydis"]
[Result "1/2-1/2"]
[WhiteElo "1773"]
[BlackElo "1769"]
[PlyCount "81"]
[EventDate "2017.02.16"]
[EventType "tourn"]
[EventRounds "10"]
[EventCountry "CUB"]
[SourceTitle "EXT 2023"]
[Source "ChessBase"]
[SourceDate "2022.10.05"]
[SourceVersion "1"]
[SourceVersionDate "2022.10.05"]
[SourceQuality "1"]

1. d4 Nf6 2. Bf4 e6 3. Nf3 c5 4. e3 b6 5. Bd3 Bb7 6. 0-0 g6 7. Nc3 d6 8. Bb5+ Bc6 9. dxc5 bxc5 10. Bxc6+ Nxc6 11. Nb5 e5 12. Bg5 Rb8 13. Na3 Bg7 14. Nc4 0-0 15. e4 Nd4 16. c3 Nxf3+ 17. Qxf3 h6 18. Bxf6 Qxf6 19. Qxf6 Bxf6 20. Rfd1 Rfd8 21. b3 Be7 22. Rd5 f5 23. exf5 gxf5 24. Rad1 Kf7 25. f4 Kf6 26. Na5 Rdc8 27. Nc4 Rd8 28. Nxd6 exf4 29. Nxf5 Rxd5 30. Rxd5 Bf8 31. Nh4 Ke6 32. c4 Be7 33. Nf3 Rd8 34. Re5+ Kf6 35. Kf1 Rd1+ 36. Re1 Rxe1+ 37. Kxe1 Kf5 38. Kd2 Ke4 39. Ke2 Bf6 40. Kd2 a5 41. b4 1/2-1/2

[Event "Chessung Gp5 (Women)"]
[Site "Guantanamo"]
[Date "2017.02.18"]
[Round "5.3"]
[White "Cardosa Espino, Adria"]
[Black "Almaguer Merino, Yamisleydis"]
[Result "0-1"]
[WhiteElo "1703"]
[BlackElo "1769"]
[PlyCount "66"]
[EventDate "2017.02.16"]
[EventType "tourn"]
[EventRounds "10"]
[EventCountry "CUB"]
[SourceTitle "EXT 2023"]
[Source "ChessBase"]
[SourceDate "2022.10.05"]
[SourceVersion "1"]
[SourceVersionDate "2022.10.05"]
[SourceQuality "1"]

1. e4 c5 2. Nf3 Nc6 3. d4 cxd4 4. Nxd4 Nf6 5. Nc3 e5 6. Nf3 Bb4 7. Bd3 d5 8. Bb5 d4 9. Nxe5 0-0 10. Bxc6 dxc3 11. Qxd8 Rxd8 12. b3 bxc6 13. Nxc6 Re8 14. f3 Bc5 15. a4 a5 16. Ba3 Bxa3 17. Rxa3 Bb7 18. Nd4 Nxe4 19. 0-0 Nd2 20. Rfa1 Rac8 21. Kf2 Ba6 22. Nb5 Rc5 23. h3 f5 24. R3a2 g5 25. g3 g4 26. hxg4 fxg4 27. fxg4 Ne4+ 28. Kg2 Bb7 29. Kg1 Rd8 30. Rf1 Rd2 31. Rf5 Nxg3 32. Rf2 h5 33. Ra1 hxg4 0-1

[Event "Chessung Gp5 (Women)"]
[Site "Guantanamo"]
[Date "2017.02.16"]
[Round "1.1"]
[White "Almaguer Merino, Yamisleydis"]
[Black "Del Rosario Silva, Dexnisi"]
[Result "1-0"]
[WhiteElo "1769"]
[BlackElo "1773"]
[PlyCount "65"]
[EventDate "2017.02.16"]
[EventType "tourn"]
[EventRounds "10"]
[EventCountry "CUB"]
[SourceTitle "EXT 2023"]
[Source "ChessBase"]
[SourceDate "2022.10.05"]
[SourceVersion "1"]
[SourceVersionDate "2022.10.05"]
[SourceQuality "1"]

1. d4 d5 2. c4 c6 3. Nf3 Nf6 4. Nc3 dxc4 5. a4 Bf5 6. e3 e6 7. Bxc4 Bb4 8. 0-0 Nbd7 9. Qb3 a5 10. Re1 0-0 11. e4 Bg6 12. Bg5 Qb8 13. Bh4 Qa7 14. e5 Nd5 15. Bxd5 cxd5 16. Rec1 Rac8 17. Na2 Be4 18. Nxb4 Bxf3 19. Qxf3 axb4 20. Qg4 Kh8 21. Be7 Rfe8 22. Bxb4 Rxc1+ 23. Rxc1 Qxa4 24. Bd6 Nb8 25. Qf4 Kg8 26. g3 Nc6 27. b4 Qb3 28. Qd2 Ra8 29. Qc3 Ra3 30. Qc5 Qb2 31. b5 Ra2 32. Rf1 Qxd4 33. bxc6 1-0

[Event "Granma Oriental zt (Women)"]
[Site "Granma"]
[Date "2016.11.25"]
[Round "7.2"]
[White "Almaguer Merino, Yamisleydis"]
[Black "Rodriguez Alfonso, Lianet"]
[Result "1/2-1/2"]
[WhiteElo "1729"]
[BlackElo "1827"]
[PlyCount "103"]
[EventDate "2016.11.21"]
[EventType "tourn"]
[EventRounds "11"]
[EventCountry "CUB"]
[SourceTitle "EXT 2023"]
[Source "ChessBase"]
[SourceDate "2022.10.05"]
[SourceVersion "1"]
[SourceVersionDate "2022.10.05"]
[SourceQuality "1"]

1. d4 Nf6 2. c4 d6 3. Nf3 g6 4. Nc3 Bg7 5. e4 c6 6. Be2 0-0 7. 0-0 Na6 8. h3 Nd7 9. a3 e5 10. d5 c5 11. Ne1 h6 12. f4 exf4 13. Bxf4 Ne5 14. Nf3 Nxf3+ 15. Bxf3 Nc7 16. Qd2 Kh7 17. Rae1 a6 18. e5 dxe5 19. Bxe5 Bxe5 20. Rxe5 Bf5 21. Rfe1 Rb8 22. d6 Ne8 23. Rd1 b6 24. d7 Nf6 25. Bc6 Qc7 26. Qd6 Qxd6 27. Rxd6 Kg7 28. Ne4 Nxe4 29. Bxe4 Bxe4 30. Rxe4 Rfd8 31. Re8 Rxe8 32. dxe8Q Rxe8 33. Rxb6 Re2 34. b4 cxb4 35. axb4 Rc2 36. c5 Rb2 37. c6 h5 38. Kh2 h4 39. c7 Rc2 40. Rxa6 Rxc7 41. Ra2 Kf6 42. b5 Rb7 43. Rb2 Ke6 44. Kg1 Kd6 45. Kf2 g5 46. Kf3 f5 47. Ke3 Kc5 48. b6 Rxb6 49. Rxb6 Kxb6 50. Kd4 g4 51. Ke5 gxh3 52. gxh3 1/2-1/2

[Event "Granma Oriental zt (Women)"]
[Site "Granma"]
[Date "2016.11.21"]
[Round "1.5"]
[White "Almaguer Merino, Yamisleydis"]
[Black "Wert Licea, Mile Del Carmen"]
[Result "1-0"]
[WhiteElo "1729"]
[BlackElo "1898"]
[PlyCount "45"]
[EventDate "2016.11.21"]
[EventType "tourn"]
[EventRounds "11"]
[EventCountry "CUB"]
[SourceTitle "EXT 2023"]
[Source "ChessBase"]
[SourceDate "2022.10.05"]
[SourceVersion "1"]
[SourceVersionDate "2022.10.05"]
[SourceQuality "1"]

1. d4 Nf6 2. c4 g6 3. Nc3 Bg7 4. e4 d6 5. f4 Nbd7 6. Nf3 0-0 7. Bd3 Re8 8. 0-0 e5 9. fxe5 dxe5 10. d5 Nc5 11. Bc2 Nh5 12. Be3 Nd7 13. Bb3 Nf4 14. Qd2 Nh5 15. Bh6 Ndf6 16. Bg5 a6 17. c5 Bf8 18. d6 cxd6 19. Nd5 h6 20. Bh4 Kg7 21. Nxf6 Nxf6 22. Nxe5 Be7 23. Nxf7 1-0